Microvascular anastomosis on a silicone model of vessels = Anastomosis készítés szilikon érmodellen
A tananyag felépítése: 1. A tanulási eredmény ismertetése (tudás és készség) 2. Előzetesen szükséges elméleti háttér és gyakorlati tapasztalat 3. Szükséges anyagok 4. Szükséges elméleti háttér (lépések): az end-to-end és end-to-side mikrosebészeti anastomosisok 5. Az anastomosisokról készült vide...
Elmentve itt :
| Szerzők: | |
|---|---|
| További közreműködők: | |
| Dokumentumtípus: | Videó |
| Megjelent: |
2020
|
| Kulcsszavak: | sebészet |
| Tárgyszavak: | |
| Online Access: | http://eta.bibl.u-szeged.hu/3089 |
| LEADER | 01825ngm a2200289 i 4500 | ||
|---|---|---|---|
| 001 | eta3089 | ||
| 005 | 20211011103022.0 | ||
| 008 | 200630s2020 hu o 0|| hun d | ||
| 040 | |a SZTE Elektronikus Tananyag Archívum |b hun | ||
| 041 | |a hun | ||
| 100 | 1 | |a Szabó Andrea | |
| 245 | 1 | 0 | |a Microvascular anastomosis on a silicone model of vessels = Anastomosis készítés szilikon érmodellen |h [elektronikus dokumentum] / |c Szabó Andrea |
| 246 | 1 | 0 | |a Microvascular anastomosis on a silicone model of vessels |h [elektronikus dokumentum] |
| 260 | |c 2020 | ||
| 516 | |a Video | ||
| 520 | 3 | |a A tananyag felépítése: 1. A tanulási eredmény ismertetése (tudás és készség) 2. Előzetesen szükséges elméleti háttér és gyakorlati tapasztalat 3. Szükséges anyagok 4. Szükséges elméleti háttér (lépések): az end-to-end és end-to-side mikrosebészeti anastomosisok 5. Az anastomosisokról készült videók 6. A tanulási eredmény ismertetése (attitűd és autonómia) 7. Önellenőrző kérdések | |
| 520 | 3 | |a Content: 1. Description of the learning outcome (knowledge and skill) 2. Preliminary required knowledge and expertise 3. Required instruments and materials 4. Required theoretical background (steps): end-to-end és end-to-side microvascular anastomoses 5. Videos of anastomoses 6. Description of the learning outcome (attitude and autonomy) 7. Self-checking questions | |
| 650 | 4 | |a Orvos- és egészségtudomány | |
| 650 | 4 | |a Klinikai orvostan | |
| 650 | 4 | |a Sebészet | |
| 650 | 4 | |a Mikrosebészet | |
| 695 | |a sebészet | ||
| 700 | 0 | 1 | |a Kovách Kornél |
| 700 | 0 | 1 | |a Boros Mihály |
| 700 | 0 | 1 | |a Williams Thomas |
| 700 | 0 | 1 | |a Varga Renáta |e aut |
| 856 | 4 | 0 | |u https://eta.bibl.u-szeged.hu/3089/1/V%C3%A9gleges%20Anastomosis%20on%20a%20silicone%20model%20of%20vessels%200609.mp4 |z Dokumentum-elérés |